000 00281nam a2200133Ia 4500
100 _aKumbhojkar/ G.V
942 _cBK
366 _f15
245 _aEngineering Mathematics III Mechanical
260 _bP.Jamnadas
_c2021
082 _a510
_bKUM
546 _aENGLISH
999 _c30438
_d30438